Poohliadnutie sa na 100 rokov od Veľkého októbra (s espritom, ale bez emócií)

Strach z veľkých politických revolúcií. Stále nové útoky proti autentickému socializmu. Neoliberálna revolúcia – revolúcia naruby. Vplyv Októbrovej revolúcie v roku 1917 na dejiny. Medzinárodné úsilie o zničenie boľševického štátu. Nacionalistické spochybňovanie Októbrovej revolúcie v roku 1917. Prí...

Full description

Saved in:
Bibliographic Details
Main Author: Škvrnda, František
Format: Book Chapter
Language:Slovak
Subjects:
Tags: Add Tag
No Tags, Be the first to tag this record!

MARC

LEADER 00000nla a2200000 4500
001 0247511
005 20240502073948.9
041 0 |a slo 
044 |a SK 
245 1 0 |a Poohliadnutie sa na 100 rokov od Veľkého októbra (s espritom, ale bez emócií)  |c František Škvrnda 
520 |a Strach z veľkých politických revolúcií. Stále nové útoky proti autentickému socializmu. Neoliberálna revolúcia – revolúcia naruby. Vplyv Októbrovej revolúcie v roku 1917 na dejiny. Medzinárodné úsilie o zničenie boľševického štátu. Nacionalistické spochybňovanie Októbrovej revolúcie v roku 1917. Príťažlivosť Októbrovej revolúcie v roku 1917 v súčasnom svete. 
610 2 0 |a dejiny 
610 2 0 |a revolúcia 
610 2 0 |a socializmus 
610 2 0 |a liberalizmus 
610 2 0 |a politika 
610 2 0 |a Rusko 
100 1 |a Škvrnda, František